Discrete Mathematics (Record no. 5081)
[ view plain ]
| 000 -LEADER | |
|---|---|
| fixed length control field | 00428nam a2200169Ia 4500 |
| 008 - FIXED-LENGTH DATA ELEMENTS--GENERAL INFORMATION | |
| fixed length control field | 230711s9999||||xx |||||||||||||| ||und|| |
| 020 ## - INTERNATIONAL STANDARD BOOK NUMBER | |
| International Standard Book Number | 978-0-07-066912-3 |
| 041 ## - LANGUAGE CODE | |
| Language code of text/sound track or separate title | ENG |
| 082 ## - DEWEY DECIMAL CLASSIFICATION NUMBER | |
| Classification number | 4 |
| Item number | LI-D |
| 100 ## - MAIN ENTRY--PERSONAL NAME | |
| Personal name | Lipschutz ,Seymour |
| 245 #0 - TITLE STATEMENT | |
| Title | Discrete Mathematics |
| 250 ## - EDITION STATEMENT | |
| Edition statement | 3rd Ed. |
| 260 ## - PUBLICATION, DISTRIBUTION, ETC. | |
| Date of publication, distribution, etc. | 2010 |
| Place of publication, distribution, etc. | New Delhi |
| Name of publisher, distributor, etc. | Tata McGraw Hill Education Limited |
| 650 ## - SUBJECT ADDED ENTRY--TOPICAL TERM | |
| Topical term or geographic name entry element | Mathematics |
| 700 ## - ADDED ENTRY--PERSONAL NAME | |
| Personal name | Lipson,Marc Lars |
| 942 ## - ADDED ENTRY ELEMENTS (KOHA) | |
| Koha item type | Book |
| Withdrawn status | Lost status | Damaged status | Not for loan | Collection | Home library | Current library | Date acquired | Total checkouts | Full call number | Barcode | Date last seen | Date last checked out | Price effective from | Koha item type | Date due | Total renewals |
|---|---|---|---|---|---|---|---|---|---|---|---|---|---|---|---|---|
| MRSPTU Central Library | MRSPTU Central Library | 2 | 4 LI-D | 18864 | 02/03/2026 | 02/03/2026 | 08/17/2023 | Book | ||||||||
| MRSPTU Central Library | MRSPTU Central Library | 4 LI-D | 18865 | 08/17/2023 | 08/17/2023 | Book | ||||||||||
| MRSPTU Central Library | MRSPTU Central Library | 10 | 4 LI-D | 18866 | 04/07/2026 | 04/07/2026 | 08/17/2023 | Book | 04/28/2026 | |||||||
| MRSPTU Central Library | MRSPTU Central Library | 11 | 4 LI-D | 18867 | 04/15/2026 | 04/15/2026 | 08/17/2023 | Book | 05/06/2026 | |||||||
| MRSPTU Central Library | MRSPTU Central Library | 12 | 4 LI-D | 18868 | 04/09/2026 | 04/09/2026 | 08/17/2023 | Book | 04/30/2026 | 1 | ||||||
| MRSPTU Central Library | MRSPTU Central Library | 6 | 4 LI-D | 19540 | 04/22/2026 | 04/22/2026 | 08/17/2023 | Book | 05/13/2026 | |||||||
| MRSPTU Central Library | MRSPTU Central Library | 10 | 4 LI-D | 19541 | 04/07/2026 | 04/07/2026 | 08/17/2023 | Book | 04/28/2026 | |||||||
| MRSPTU Central Library | MRSPTU Central Library | 11 | 4 LI-D | 19542 | 04/15/2026 | 04/15/2026 | 08/17/2023 | Book | 05/06/2026 | |||||||
| MRSPTU Central Library | MRSPTU Central Library | 15 | 4 LI-D | 19543 | 04/15/2026 | 04/15/2026 | 08/17/2023 | Book | 05/06/2026 | |||||||
| MRSPTU Central Library | MRSPTU Central Library | 7 | 4 LI-D | 19544 | 04/17/2026 | 04/17/2026 | 08/17/2023 | Book | 05/08/2026 |
